| 000 | 00000nam##2200000za#4500 |
| 001 | 9.574168 |
| 003 | CaOODSP |
| 005 | 20210624184043 |
| 007 | cr ||||||||||| |
| 008 | 150406|1997||||xxc|||||o f|0| 0 eng|d |
| 022 | |a1488-5379 |
| 040 | |aCaOODSP|beng |
| 043 | |an-cn--- |
| 086 | 1 |aFs97-6/2199E-PDF |
| 110 | 1 |aCanada. |bDepartment of Fisheries and Oceans. |
| 245 | 12|aA narrative of NAFO Divs. 2J3KL cod assessments from extension of jurisdiction to moratorium / |h[electronic resource]|c[by] Claude A. Bishop and Peter A. Shelton. |
| 260 | |aSt. John's - Newfoundland and Labrador : |bFisheries and Oceans Canada |cOctober 1997. |
| 300 | |a72p.|bgraphs, references, tables |
| 490 | 1 |aCanadian technical report of fisheries and aquatic sciences|x1488-5379|v2199 |
| 500 | |aThe catalogue number (FS97-6/2199E) and ISSN (0706-6457) for the print edition have been incorrectly copied in this electronic publication. |
| 546 | |a(Résumé en français) |
| 590 | |a12-26-Supp|b2012-06-07 |
| 720 | 1 |aShelton, Peter A. |
| 720 | 1 |aBishop, Claude A. |
| 776 | 0#|tA narrative of NAFO Divs. 2J3KL cod assessments from extension of jurisdiction to moratorium / |w(CaOODSP)9.614492 |
| 830 | #0|aCanadian technical report of fisheries and aquatic sciences,|x1488-5379|v2199|w(CaOODSP)9.504449 |
| 856 | 40|ahttp://publications.gc.ca|qPDF|s4.39 MB|uhttps://publications.gc.ca/collections/collection_2012/mpo-dfo/Fs97-6-2199-eng.pdf|y2199 |